Normal view MARC view
  • Haataja, Samuli,

Entry Personal Name

Number of records used in: 2

001 - CONTROL NUMBER

  • control field: 16219

003 - CONTROL NUMBER IDENTIFIER

  • control field: NUST

005 - DATE AND TIME OF LATEST TRANSACTION

  • control field: 20190702042513.0

008 - FIXED-LENGTH DATA ELEMENTS

  • fixed length control field: 190702|| aca||aabn | a|a d

040 ## - CATALOGING SOURCE

  • Original cataloging agency: NUST
  • Transcribing agency: NUST

100 ## - HEADING--PERSONAL NAME

  • Personal name: Haataja, Samuli,
  • Relator term: author.

670 ## - SOURCE DATA FOUND

  • Source citation: Work cat.: (NUST)0: Haataja, Samuli, author., Cyber attacks and international law on the use of force :
© 2023 Central Library, National University of Sciences and Technology. All Rights Reserved.